F1 - GP winner of 2022 season - Statistics

General Stats
  • This quiz has been taken 66 times
  • The average score is 22 of 22
Answer Stats
Hint Answer % Correct
Saudi Arabian Grand Prix Max Verstappen
100%
Emilia Romagna Grand Prix Max Verstappen
100%
Miami Grand Prix Max Verstappen
100%
Spanish Grand Prix Max Verstappen
100%
Azerbaijan Grand Prix Max Verstappen
100%
Canadian Grand Prix Max Verstappen
100%
French Grand Prix Max Verstappen
100%
Hungarian Grand Prix Max Verstappen
100%
Belgian Grand Prix Max Verstappen
100%
Dutch Grand Prix Max Verstappen
100%
Italian Grand Prix Max Verstappen
100%
Japanese Grand Prix Max Verstappen
100%
United States Grand Prix Max Verstappen
100%
Mexico City Grand Prix Max Verstappen
100%
Abu Dhabi Grand Prix Max Verstappen
100%
Bahrain Grand Prix Charles Leclerc
97%
Australian Grand Prix Charles Leclerc
97%
Austrian Grand Prix Charles Leclerc
97%
British Grand Prix Carlos Sainz
95%
Monaco Grand Prix Sergio Perez
95%
Singapore Grand Prix Sergio Perez
95%
São Paulo Grand Prix George Russell
85%
No matching quizzes found
Score Distribution
Percent of People with Each Score
Percentile by Number Answered
Your Score History
You have not taken this quiz